01925nam a2200205 4500001000800000007000300008008004100011040000800052041000800060100003700068245016400105300002000269520119200289650002801481650005001509650002001559650002101579650001101600773010801611ESSALUDta t2026 pe ||||| |||| 00| 0 spa d aBMG aspa aOrellana Vicuña, Arturoeautor aEsofaguectomía toracolaparoscópica para cáncer de esófago: serie de casos y resultados perioperatorios en un Hospital Nacional del Perú (2022–2026) apáginas 39-45 aLa esofaguectomía toracolaparoscópica es una técnica mínimamente invasiva para el cáncer de esófago, asociada a menor morbilidad y adecuada radicalidad oncológica y es piedra angular del tratamiento multimodal con intención curativa. El objetivo del estudio fue evaluar resultados iniciales de pacientes sometidos a esofaguectomía toracolaparoscópica en un hospital nacional del Perú. Serie de casos con seguimiento de 30–60 días. Se incluyeron pacientes con cáncer de esófago resecable sometidos a abordaje toracoscópico, laparoscópico y cervicotomía con linfadenectomía de dos campos (2022–2026). Se incluyeron 11 pacientes (54,5% mujeres), edad media 61,9 años. El tiempo operatorio medio fue 371,5 min y la pérdida sanguínea 108,8 ml. No hubo complicaciones intraoperatorias. Las principales complicaciones posoperatorias fueron neumonía (45,5%) y fuga anastomótica (36,4%). La estancia hospitalaria media fue 61,4 días. No hubo mortalidad en periodo seguimiento. La esofaguectomía toracolaparoscópica es factible y segura en un hospital de referencia, con resultados perioperatorios aceptables y nula mortalidad a corto plazo. aNEOPLASIAS ESOFÁGICAS aCARCINOMA DE CÉLULAS ESCAMOSAS DE ESÓFAGO aESOFAGECTOMÍA aSEGURIDAD SOCIAL aPERÚ0 022497dLima : IETSIoCITES01tCiencia y Tecnología aplicada a la Salud PúblicawESSALUDx3119-7981